L'Educació de Gargantua i la joventut de Pantagruel / François Rabelais ; traducció catalana de Lluís Deztany
Descripción Física:
32 p. ; 19 cm
Otros Autores:
Deztany, Lluís, 1867-1957
MARC
| LEADER | 00000nam a2200000Ia 4500 | ||
|---|---|---|---|
| 001 | 1004 | ||
| 003 | AGDB | ||
| 005 | 20260324175346.0 | ||
| 008 | 160829s1918 xx 000 0 cat d | ||
| 080 | |a O-1-89 | ||
| 100 | |a Rabelais, François |9 29029 |e autor | ||
| 245 | |a L'Educació de Gargantua i la joventut de Pantagruel / François Rabelais ; traducció catalana de Lluís Deztany | ||
| 260 | |a Barcelona : |b (Ricard Duràn i Alsina, Imp.), |c 1918 | ||
| 300 | |a 32 p. ; |c 19 cm | ||
| 490 | |a Minerva : col·lecció de literatures modernes ; 1 | ||
| 590 | |a Enquadernada amb 'News from nowhere = Noves d'enlloc' / de William Morris. | ||
| 590 | |a Hi ha un duplicat solt, DUP-186-28 | ||
| 700 | 1 | |a Deztany, Lluís, |d 1867-1957 |9 55116 |e traductor | |
| 856 | |u https://bgr22.orex.es/cgi-bin/koha/opac-retrieve-file.pl?id=6431bec4e2825a47df11c4d87893a355 |y 1 La Juventut de Plantagruel i l'Educació de Gargantua. F. Rabelais.pdf | ||
| 901 | |a Arxiu | ||
| 942 | |n 1 |2 udc |c REV | ||
| 952 | |0 0 |1 0 |4 0 |6 O189 |7 1 |9 45025 |a Arxiu |b Arxiu |d 2016-12-01 |l 0 |o O-1-89 |p 1004 |r 2016-12-01 00:00:00 |w 2016-12-01 |y ARXIU | ||
| 999 | |c 47629 |d 47629 | ||